| 000 | 00649nam a2200205Ii 4500 | ||
|---|---|---|---|
| 001 | 9160 | ||
| 003 | CO-ViMGA | ||
| 008 | 241108s9999||||xx |||||||||||||| ||und|| | ||
| 040 |
_aCO-ViMGA _bspa _erda _cCO-ViMGA |
||
| 041 | 0 | _aunk | |
| 082 | 0 | 4 | _a338.887-B423 |
| 100 | 1 |
_aJesús Antonio Bejarano _948510 |
|
| 245 | 1 | 0 | _a<El> capital Monopolista y la inversión Norteamericano en Colombia |
| 264 | 1 | _a[Lugar de publicación no identificado] : La carreta, 1978 | |
| 300 | _avolumen | ||
| 336 |
_atext _btxt _2rdacontent |
||
| 337 |
_aunmediated _bn _2rdamedia |
||
| 338 |
_avolume _bnc _2rdacarrier |
||
| 940 | _aidficha_siabuc: 8957. -- ficha_no_siabuc:9160 | ||
| 999 |
_c52797 _d52797 |
||